Welcome to CU Library Online Public Access Catalogue (OPAC)

Textbook on Criminal Law (Record no. 375)

MARC details
000 -LEADER
fixed length control field 00429nam a22001577a 4500
005 - DATE AND TIME OF LATEST TRANSACTION
control field 20241030140305.0
008 - FIXED-LENGTH DATA ELEMENTS--GENERAL INFORMATION
fixed length control field 241030b |||||||| |||| 00| 0 eng d
020 ## - INTERNATIONAL STANDARD BOOK NUMBER
International Standard Book Number 9780198727422
100 ## - MAIN ENTRY--PERSONAL NAME
Personal name Allen Michael J.
245 ## - TITLE STATEMENT
Title Textbook on Criminal Law
260 ## - PUBLICATION, DISTRIBUTION, ETC.
Place of publication, distribution, etc. New York, USA:
Name of publisher, distributor, etc. Oxford University Press.
Date of publication, distribution, etc. 2015
300 ## - PHYSICAL DESCRIPTION
Extent xxxiv, 603 pages
Dimensions 24.5 cm
500 ## - GENERAL NOTE
General note Includes Index
650 ## - SUBJECT ADDED ENTRY--TOPICAL TERM
Source of heading or term Criminal Law
942 ## - ADDED ENTRY ELEMENTS (KOHA)
Source of classification or shelving scheme Library of Congress Classification
Koha item type Books
Suppress in OPAC No
999 ## -
-- 375
-- 375
Holdings
Withdrawn status Lost status Source of classification or shelving scheme Damaged status Not for loan Collection Home library Current library Shelving location Date acquired Total checkouts Full call number Barcode Date last seen Copy number Price effective from Koha item type
    Library of Congress Classification     Non-fiction Law Library (Christ Temple) Law Library (Christ Temple) General stacks 04/23/2025   KD786.A77 ALL LLCT00000589 04/23/2025 1 04/23/2025 Books
    Library of Congress Classification     Non-fiction Law Library (Christ Temple) Law Library (Christ Temple) Reference 04/23/2025   KD786.A77 ALL LLCT00000634 05/12/2025 2 04/23/2025 Books
    Library of Congress Classification     Non-fiction Law Library Annex (Miotso) Law Library Annex (Miotso) General stacks 10/30/2024   KD786.A77 ALL LLM00000037 10/30/2024 1 10/30/2024 Books
    Library of Congress Classification     Non-fiction Law Library Annex (Miotso) Law Library Annex (Miotso) General stacks 10/30/2024   KD786.A77 ALL LLM00000496 11/01/2024 2 10/30/2024 Books
© 2023-2024 Copyright: Central University Libraries. All Rights Reserved | Created by: Mahone Tech Office